[Event "Niederoesterreichische Landesliga"]
[Site "Verschiedene"]
[Date "2018.11.11"]
[Round "4"]
[Board "2"]
[White "Heimberger, Reinhard"]
[Black "Ganaus, Hannes"]
[Result "1-0"]
[WhiteElo "2260"]
[BlackElo "2290"]
[PlyCount "113"]
[EventDate "2018.09.30"]
[EventType "team"]
[EventRounds "11"]
[EventCountry "AUT"]
[WhiteTeam "KSV Boehlerwerk"]
[BlackTeam "ASVOE VHS Poechlarn"]

1. d4 d5 2. g3 Nd7 3. Bg2 Nb6 4. a4 a5 5. b3 Bf5 6. Ba3 Nf6 7. Nf3 c6 8. O-O h5
9. Nbd2 Nc8 10. Ng5 h4 11. e4 dxe4 12. Ndxe4 Nxe4 13. Nxe4 e6 14. Bb2 Be7 15.
Qe2 Bxe4 16. Bxe4 Bf6 17. Rad1 Nd6 18. Bd3 hxg3 19. hxg3 Qb6 20. Ba3 O-O-O 21.
Bc5 Qc7 22. c3 Nf5 23. Qf3 g6 24. Kg2 Be7 25. b4 Bxc5 26. bxc5 Qe7 27. Rb1 Qg5
28. Rh1 Kc7 29. Bxf5 Qxf5 30. Qxf5 gxf5 31. Rhe1 Rb8 32. Rb6 Rbg8 33. Kf3 Rh2
34. Reb1 Rb8 35. c4 Rhh8 36. d5 cxd5 37. cxd5 exd5 38. Rf6 Rhf8 39. Rxf5 Kc6
40. Rb5 f6 41. Rxa5 Ra8 42. Rxa8 Rxa8 43. Rxf6+ Kxc5 44. g4 Rxa4 45. g5 Ra8 46.
g6 Rg8 47. Ke2 b5 48. f4 Kd4 49. f5 b4 50. Kd2 b3 51. Kc1 Kc3 52. Rf7 Ra8 53.
Rc7+ Kb4 54. g7 Ra1+ 55. Kb2 Ra2+ 56. Kb1 Rg2 57. f6  1-0

[Event "Niederoesterreichische Landesliga"]
[Site "Verschiedene"]
[Date "2018.11.11"]
[Round "4"]
[Board "3"]
[White "Ernst, Michael"]
[Black "Danner, Lambert"]
[Result "1-0"]
[WhiteElo "2155"]
[BlackElo "2041"]
[PlyCount "89"]
[EventDate "2018.09.30"]
[EventType "team"]
[EventRounds "11"]
[EventCountry "AUT"]
[WhiteTeam "ASVOE VHS Poechlarn"]
[BlackTeam "KSV Boehlerwerk"]

1. d4 c5 2. e3 Nf6 3. Nf3 e6 4. Be2 d5 5. O-O Nc6 6. a3 b6 7. b3 cxd4 8. exd4
Bb7 9. Bb2 Be7 10. Nbd2 O-O 11. Ne5 Ne8 12. Bd3 g6 13. Qe2 Nc7 14. Rfe1 Bf6 15.
Rad1 Bg7 16. Nxc6 Bxc6 17. Nf3 a6 18. Ne5 Be8 19. a4 f6 20. Nf3 Bf7 21. Bc1 Qd7
22. Bf4 a5 23. h4 Rfc8 24. Nd2 Re8 25. Nf3 Rec8 26. Nh2 Re8 27. Ng4 Re7 28. Qf3
h5 29. Nxf6+ Bxf6 30. Bxc7 Bxd4 31. Be5 Bxe5 32. Rxe5 Kg7 33. Qg3 Rh8 34. Rg5
Qc7 35. f4 Rh6 36. Re1 Qc5+ 37. Kh2 Qc7 38. Ree5 Re8 39. Rxh5 Reh8 40. Rxh6
Rxh6 41. Rg5 Qe7 42. Kh3 Qf6 43. Qe3 d4 44. Qe5 Rh5 45. Qc7  1-0

[Event "Niederoesterreichische Landesliga"]
[Site "Verschiedene"]
[Date "2018.11.11"]
[Round "4"]
[Board "4"]
[White "Ehs, Dominik"]
[Black "Mittermayr, Gerhard"]
[Result "1-0"]
[WhiteElo "2089"]
[BlackElo "2120"]
[PlyCount "53"]
[EventDate "2018.09.30"]
[EventType "team"]
[EventRounds "11"]
[EventCountry "AUT"]
[WhiteTeam "KSV Boehlerwerk"]
[BlackTeam "ASVOE VHS Poechlarn"]

1. e4 c5 2. Nf3 Nc6 3. g3 g6 4. Bg2 Bg7 5. O-O d6 6. c3 Nf6 7. Qe2 O-O 8. d4 e5
9. dxe5 dxe5 10. Na3 h6 11. Nc4 Qe7 12. Rd1 Ne8 13. Ne3 f5 14. exf5 gxf5 15.
Nh4 Kh7 16. Qh5 Qg5 17. Qxg5 hxg5 18. Nhxf5 Bf6 19. Be4 Kh8 20. g4 Be6 21. b3
Rc8 22. Ba3 Nd8 23. Rd2 b6 24. Rad1 Nf7 25. Nd5 Nfd6 26. Nxd6 Bxd5 27. Rxd5  1-0

[Event "Niederoesterreichische Landesliga"]
[Site "Verschiedene"]
[Date "2018.11.25"]
[Round "5"]
[Board "1"]
[White "Wirius, Johannes"]
[Black "Ganaus, Hannes"]
[Result "0-1"]
[WhiteElo "2185"]
[BlackElo "2290"]
[PlyCount "116"]
[EventDate "2018.09.30"]
[EventType "team"]
[EventRounds "11"]
[EventCountry "AUT"]
[WhiteTeam "ASK Kottingbrunn"]
[BlackTeam "ASVOE VHS Poechlarn"]

1. c4 e5 2. Nc3 Nc6 3. g3 f5 4. d3 Nf6 5. Bg2 Bb4 6. Bd2 O-O 7. a3 Bxc3 8. Bxc3
d6 9. b4 Qe7 10. Nh3 Bd7 11. O-O Rae8 12. e3 Nd8 13. b5 b6 14. a4 Qf7 15. a5
Ne6 16. axb6 axb6 17. Ra7 Rc8 18. f4 Ng4 19. Qd2 Qh5 20. Rfa1 Nc5 21. R1a3 Rfe8
22. Bb4 h6 23. Bxc5 dxc5 24. fxe5 Rxe5 25. d4 cxd4 26. exd4 Re7 27. Bd5+ Kh7
28. Nf4 Qe8 29. Bf3 Nf6 30. Ra8 g5 31. Rxc8 Bxc8 32. Nd5 Nxd5 33. Bxd5 Re2 34.
Qd3 Qh5 35. Bg2 Re1+ 36. Kf2 Re7 37. h3 Kg7 38. d5 Qf7 39. Ra2 Qf6 40. Qd1 Qd6
41. Qd4+ Kg6 42. Bf1 Re8 43. Rc2 Bd7 44. Re2 Rxe2+ 45. Bxe2 f4 46. Bd3+ Kf7 47.
gxf4 Bxh3 48. Kg3 Bd7 49. Qe4 gxf4+ 50. Qxf4+ Ke7 51. Be2 Bf5 52. Qxd6+ Kxd6
53. Kf4 Bc2 54. Ke3 Kc5 55. Kd2 Bg6 56. Kc3 h5 57. Bf3 h4 58. Bg2 Bf5  0-1

[Event "Niederoesterreichische Landesliga"]
[Site "Verschiedene"]
[Date "2018.11.25"]
[Round "5"]
[Board "2"]
[White "Mittermayr, Gerhard"]
[Black "Lechner, Daniel"]
[Result "0-1"]
[WhiteElo "2120"]
[BlackElo "2167"]
[PlyCount "76"]
[EventDate "2018.09.30"]
[EventType "team"]
[EventRounds "11"]
[EventCountry "AUT"]
[WhiteTeam "ASVOE VHS Poechlarn"]
[BlackTeam "ASK Kottingbrunn"]

1. e4 c5 2. Nf3 d6 3. d4 cxd4 4. Nxd4 Nf6 5. Nc3 a6 6. Bc4 e6 7. Bb3 b5 8. f3
Be7 9. Be3 O-O 10. Qd2 Bb7 11. O-O-O Nbd7 12. g4 Nc5 13. g5 Nfd7 14. h4 Ne5 15.
h5 b4 16. Nce2 a5 17. g6 a4 18. gxf7+ Rxf7 19. Bxe6 Nxe6 20. Nxe6 Qc8 21. Qxb4
Ba6 22. N2f4 Bc4 23. Rxd6 Bxe6 24. Rhd1 Bxd6 25. Qxd6 Nc4 26. Qd3 Nxe3 27. Qxe3
Bxa2 28. Rd3 Rb8 29. h6 Qb7 30. Nh5 Qxb2+ 31. Kd2 Rc8 32. Ke1 Qxc2 33. Rd2 Qc1+
34. Ke2 Rc2 35. Rxc2 Qxc2+ 36. Kf1 Rb7 37. Nf6+ gxf6 38. Qg1+ Kh8  0-1

[Event "Niederoesterreichische Landesliga"]
[Site "Verschiedene"]
[Date "2018.11.25"]
[Round "5"]
[Board "3"]
[White "Haas, Bernhard"]
[Black "Kammerer, Roman"]
[Result "1/2-1/2"]
[WhiteElo "2004"]
[BlackElo "2074"]
[PlyCount "36"]
[EventDate "2018.09.30"]
[EventType "team"]
[EventRounds "11"]
[EventCountry "AUT"]
[WhiteTeam "ASK Kottingbrunn"]
[BlackTeam "ASVOE VHS Poechlarn"]

1. e4 e6 2. d4 d5 3. exd5 exd5 4. Nf3 Nf6 5. Bd3 Bd6 6. O-O O-O 7. Bg5 Bg4 8.
Nbd2 Nbd7 9. c3 c6 10. Qc2 Qc7 11. Rfe1 Rfe8 12. Bh4 Bh5 13. Bg3 Bg6 14. Bxg6
hxg6 15. Bxd6 Qxd6 16. h3 Rxe1+ 17. Rxe1 Re8 18. Rxe8+ Nxe8  1/2-1/2

[Event "Niederoesterreichische Landesliga"]
[Site "Verschiedene"]
[Date "2018.11.25"]
[Round "5"]
[Board "4"]
[White "Schweitzer, Werner"]
[Black "Fabisch, Christian"]
[Result "1/2-1/2"]
[WhiteElo "2052"]
[BlackElo "2017"]
[PlyCount "32"]
[EventDate "2018.09.30"]
[EventType "team"]
[EventRounds "11"]
[EventCountry "AUT"]
[WhiteTeam "ASVOE VHS Poechlarn"]
[BlackTeam "ASK Kottingbrunn"]

1. e4 d5 2. Nc3 dxe4 3. Nxe4 Bf5 4. Ng3 Bg6 5. h4 h6 6. Nf3 Nd7 7. Bc4 Ngf6 8.
d4 e6 9. c3 Bd6 10. Ne2 O-O 11. Bf4 Bxf4 12. Nxf4 Bf5 13. Bd3 Bxd3 14. Nxd3 Qe7
15. Qe2 c5 16. dxc5 Nxc5  1/2-1/2

[Event "Niederoesterreichische Landesliga"]
[Site "Verschiedene"]
[Date "2018.11.25"]
[Round "5"]
[Board "1"]
[White "Polak, Tomas"]
[Black "Kleiser, Gregor"]
[Result "1-0"]
[WhiteElo "2503"]
[BlackElo "2192"]
[PlyCount "71"]
[EventDate "2018.09.30"]
[EventType "team"]
[EventRounds "11"]
[EventCountry "AUT"]
[WhiteTeam "SV Stockerau"]
[BlackTeam "SGM Voest Krems"]

1. Nf3 Nf6 2. c4 c6 3. Nc3 d5 4. e3 g6 5. d4 Bg7 6. Bd3 O-O 7. O-O Bg4 8. h3
Bxf3 9. Qxf3 e6 10. Rd1 Nbd7 11. Bd2 Qe7 12. Be1 Rfd8 13. Rac1 dxc4 14. Bxc4 e5
15. Bb3 exd4 16. exd4 Nb6 17. Rd3 Rd7 18. Bd2 Nbd5 19. Re1 Qd6 20. Bg5 Re8 21.
Rxe8+ Nxe8 22. Nxd5 cxd5 23. Ba4 Nc7 24. Bf4 Qe6 25. Re3 Qf5 26. Bxd7 Qxd7 27.
Bxc7 Qxc7 28. Qxd5 Qc1+ 29. Kh2 Qc7+ 30. g3 h5 31. h4 Bf6 32. Rc3 Qe7 33. Rc8+
Kg7 34. Rb8 b6 35. Rb7 Qe8 36. Rxa7  1-0

[Event "Niederoesterreichische Landesliga"]
[Site "Verschiedene"]
[Date "2018.11.25"]
[Round "5"]
[Board "2"]
[White "Woeber, Friedrich"]
[Black "Groetz, Harald"]
[Result "0-1"]
[WhiteElo "2134"]
[BlackElo "2339"]
[PlyCount "84"]
[EventDate "2018.09.30"]
[EventType "team"]
[EventRounds "11"]
[EventCountry "AUT"]
[WhiteTeam "SGM Voest Krems"]
[BlackTeam "SV Stockerau"]

1. e4 c5 2. d4 cxd4 3. c3 Nf6 4. e5 Nd5 5. Nf3 e6 6. cxd4 d6 7. Bc4 Nb6 8. Bd3
dxe5 9. dxe5 Nc6 10. O-O Bd7 11. Bg5 Qc7 12. Nc3 Nxe5 13. Bf4 Bd6 14. Nb5 Bxb5
15. Bxb5+ Ke7 16. Rc1 Qb8 17. Bg3 h6 18. Nxe5 Bxe5 19. Qh5 g5 20. f4 gxf4 21.
Bh4+ Kf8 22. Rfd1 Nd5 23. Bc4 Qd6 24. Bf2 b6 25. Qf3 Rd8 26. Rc2 Rg8 27. Rcd2
Qc7 28. Bxd5 exd5 29. b3 Rg6 30. Rxd5 Rxd5 31. Rxd5 Kg7 32. Qd1 Bf6 33. Rd7 Qc6
34. Qd5 Qc1+ 35. Qd1 Qc3 36. Rxa7 Qc6 37. g3 fxg3 38. hxg3 Be5 39. Qd3 Qc1+ 40.
Kg2 Qb2 41. Kg1 Rf6 42. Qe3 Rxf2  0-1

[Event "Niederoesterreichische Landesliga"]
[Site "Verschiedene"]
[Date "2018.11.25"]
[Round "5"]
[Board "3"]
[White "Schirmbeck, Hannes"]
[Black "Wallner, Erich"]
[Result "1/2-1/2"]
[WhiteElo "2126"]
[BlackElo "2223"]
[PlyCount "55"]
[EventDate "2018.09.30"]
[EventType "team"]
[EventRounds "11"]
[EventCountry "AUT"]
[WhiteTeam "SV Stockerau"]
[BlackTeam "SGM Voest Krems"]

1. e4 c6 2. d4 d5 3. e5 Bf5 4. Nf3 e6 5. Be2 c5 6. Be3 Ne7 7. O-O Nec6 8. Na3
cxd4 9. Nxd4 Nxd4 10. Qxd4 Nc6 11. Qa4 Be7 12. f4 O-O 13. Rad1 Qa5 14. Qb3 a6
15. c4 Be4 16. Bf3 Bxf3 17. Rxf3 Bxa3 18. cxd5 Bc5 19. dxc6 bxc6 20. Bxc5 Qxc5+
21. Qe3 Qa5 22. a3 Rfd8 23. Rd6 Rxd6 24. exd6 Qd5 25. Qd3 Rd8 26. Qxd5 exd5 27.
Rb3 Kf8 28. Rb6  1/2-1/2

[Event "Niederoesterreichische Landesliga"]
[Site "Verschiedene"]
[Date "2018.11.25"]
[Round "5"]
[Board "4"]
[White "Pernerstorfer, Johannes"]
[Black "Amberger, Dieter"]
[Result "1/2-1/2"]
[WhiteElo "2011"]
[BlackElo "2058"]
[PlyCount "146"]
[EventDate "2018.09.30"]
[EventType "team"]
[EventRounds "11"]
[EventCountry "AUT"]
[WhiteTeam "SGM Voest Krems"]
[BlackTeam "SV Stockerau"]

1. e4 c5 2. Nf3 Nc6 3. Bb5 Nf6 4. Nc3 Qc7 5. Bxc6 dxc6 6. d3 Bg4 7. h3 Bh5 8.
O-O e6 9. Be3 Be7 10. a4 O-O 11. Qe2 Nd7 12. g4 Bg6 13. Bg5 f6 14. Bh4 Bd6 15.
Kg2 f5 16. Nd2 fxg4 17. hxg4 Bf4 18. Nc4 Ne5 19. Nxe5 Qxe5 20. Bg3 Rf6 21. Rh1
Raf8 22. Raf1 b6 23. Rh3 Qd4 24. Bxf4 Rxf4 25. f3 Qe5 26. Rfh1 Qg5 27. Rg3 Qe5
28. Qe3 R4f7 29. g5 Qd4 30. Qxd4 cxd4 31. Ne2 e5 32. Rgh3 c5 33. b3 Rc7 34. Rf1
Rcf7 35. Kg3 a6 36. f4 exf4+ 37. Rxf4 b5 38. axb5 axb5 39. Rh1 Rc8 40. Ra1 Rd7
41. Ra5 Rb8 42. Rf1 c4 43. b4 Bf7 44. Rf5 Bh5 45. Nf4 Bd1 46. Ra2 g6 47. Rf6
Rc8 48. Ne6 Rd6 49. Kf4 cxd3 50. cxd3 Rxe6 51. Rxe6 Bb3 52. Raa6 Bxe6 53. Rxe6
Rc3 54. Rb6 Rxd3 55. Rxb5 Ra3 56. Rd5 d3 57. Ke3 Rb3 58. Rxd3 Rxb4 59. Kf4 Rb7
60. Ke5 Kf7 61. Rd6 Ke7 62. Ra6 Rb5+ 63. Kf4 Rb7 64. Ra8 Ke6 65. Re8+ Kf7 66.
Re5 Kg7 67. Re8 Kf7 68. Rd8 Rc7 69. Rd6 Ra7 70. Ke5 Re7+ 71. Kd5 Ra7 72. Kc6
Ra6+ 73. Kc7 Ra7+  1/2-1/2

[Event "Niederoesterreichische Landesliga"]
[Site "Verschiedene"]
[Date "2018.11.25"]
[Round "5"]
[Board "2"]
[White "Rudolf, Herbert"]
[Black "Dumancic, Pero"]
[Result "0-1"]
[WhiteElo "2089"]
[BlackElo "2069"]
[PlyCount "48"]
[EventDate "2018.09.30"]
[EventType "team"]
[EventRounds "11"]
[EventCountry "AUT"]
[WhiteTeam "SK Advisory Invest Baden"]
[BlackTeam "SV Amstetten"]

1. d4 Nf6 2. Nc3 d5 3. Bg5 h6 4. Bxf6 exf6 5. e3 Be6 6. g3 f5 7. Bg2 c6 8. Nf3
Nd7 9. O-O Bd6 10. Ne2 g5 11. b3 g4 12. Nd2 h5 13. c4 Qg5 14. Qc2 h4 15. Rfd1
Nf6 16. Nf4 Qh6 17. Rac1 Ne4 18. Nxe4 fxe4 19. cxd5 cxd5 20. Qe2 a6 21. Qd2 Bd7
22. Nxd5 hxg3 23. hxg3 Qh2+ 24. Kf1 Bb5+  0-1

[Event "Niederoesterreichische Landesliga"]
[Site "Verschiedene"]
[Date "2018.11.25"]
[Round "5"]
[Board "3"]
[White "Wadsack, Wolfgang"]
[Black "Perndl, Johann"]
[Result "1-0"]
[WhiteElo "2165"]
[BlackElo "1984"]
[PlyCount "61"]
[EventDate "2018.09.30"]
[EventType "team"]
[EventRounds "11"]
[EventCountry "AUT"]
[WhiteTeam "SV Amstetten"]
[BlackTeam "SK Advisory Invest Baden"]

1. e4 g6 2. d4 Bg7 3. c3 d5 4. exd5 Qxd5 5. Be2 Nc6 6. Bf3 Qd6 7. Ne2 e5 8. Na3
Nge7 9. Nb5 Qd7 10. d5 Nb8 11. c4 O-O 12. O-O f5 13. g3 e4 14. Bg2 c6 15. Nbc3
cxd5 16. cxd5 Na6 17. Bg5 h6 18. Be3 Rd8 19. Qb3 Kh7 20. Rfd1 Qd6 21. Bd4 Nc5
22. Bxc5 Qxc5 23. Rac1 Qd6 24. h4 a6 25. a4 Be5 26. a5 Qf6 27. f4 Bc7 28. Nxe4
fxe4 29. Rxc7 Kh8 30. Qc3 Qxc3 31. Nxc3  1-0

[Event "Niederoesterreichische Landesliga"]
[Site "Verschiedene"]
[Date "2018.11.25"]
[Round "5"]
[Board "4"]
[White "Herndlbauer, Martin"]
[Black "Wadsack, Winfried"]
[Result "1-0"]
[WhiteElo "2058"]
[BlackElo "2103"]
[PlyCount "89"]
[EventDate "2018.09.30"]
[EventType "team"]
[EventRounds "11"]
[EventCountry "AUT"]
[WhiteTeam "SK Advisory Invest Baden"]
[BlackTeam "SV Amstetten"]

1. c4 e5 2. e3 Nc6 3. Nc3 Nf6 4. Nf3 d5 5. cxd5 Nxd5 6. Bb5 Nxc3 7. bxc3 Bd7 8.
Bxc6 Bxc6 9. Nxe5 Bxg2 10. Qa4+ c6 11. Rg1 Qd5 12. d4 b5 13. Qb3 Be4 14. Kd2
Bd6 15. f4 f6 16. Qxd5 Bxd5 17. Nd3 Kf7 18. a4 a6 19. Ba3 Bc7 20. Bc5 g6 21.
Ra3 a5 22. Rga1 Rhb8 23. h4 Ke6 24. Re1 Kf5 25. Nf2 Re8 26. Rb1 Rab8 27. Raa1
bxa4 28. Kd3 Bb3 29. c4 Rb7 30. Nd1 Reb8 31. Nc3 Kg4 32. Rg1+ Kh5 33. Ne4 f5
34. Nf6+ Kh6 35. Nd7 Bd8 36. Nxb8 Rxb8 37. h5 Bb6 38. Bd6 Rd8 39. hxg6 hxg6 40.
Be5 Kh7 41. Rg5 Kg8 42. Rxg6+ Kf8 43. Rxc6 Ba7 44. Rh1 a3 45. Rc7  1-0

[Event "Niederoesterreichische Landesliga"]
[Site "Verschiedene"]
[Date "2018.11.25"]
[Round "5"]
[Board "2"]
[White "Wetscherek, Gerhard"]
[Black "Plasil, Jiri"]
[Result "1/2-1/2"]
[WhiteElo "2074"]
[BlackElo "2048"]
[PlyCount "37"]
[EventDate "2018.09.30"]
[EventType "team"]
[EventRounds "11"]
[EventCountry "AUT"]
[WhiteTeam "SGM Bisamberg/Korneuburg"]
[BlackTeam "SGM Litschau/Eisgarn"]

1. e4 d5 2. exd5 Qxd5 3. Nc3 Qa5 4. d4 Nf6 5. Be2 c6 6. Nf3 Bf5 7. O-O Qc7 8.
Bg5 Nbd7 9. Re1 e6 10. a3 Bd6 11. Bc4 O-O 12. Qe2 h6 13. Bh4 Bg4 14. Bg3 Bxg3
15. hxg3 Rad8 16. Qe3 Bxf3 17. gxf3 Nb6 18. Be2 Nbd5 19. Nxd5  1/2-1/2

[Event "Niederoesterreichische Landesliga"]
[Site "Verschiedene"]
[Date "2018.11.25"]
[Round "5"]
[Board "4"]
[White "Pammer, Andreas"]
[Black "Ptacnik, Pavel"]
[Result "1/2-1/2"]
[WhiteElo "2086"]
[BlackElo "2118"]
[PlyCount "33"]
[EventDate "2018.09.30"]
[EventType "team"]
[EventRounds "11"]
[EventCountry "AUT"]
[WhiteTeam "SGM Bisamberg/Korneuburg"]
[BlackTeam "SGM Litschau/Eisgarn"]

1. c4 Nf6 2. Nc3 e6 3. e4 d5 4. e5 d4 5. exf6 dxc3 6. bxc3 Qxf6 7. d4 c5 8. Nf3
cxd4 9. cxd4 Nc6 10. Be2 Bb4+ 11. Bd2 Bxd2+ 12. Qxd2 O-O 13. O-O Rd8 14. Rfd1
b6 15. Qe3 Bb7 16. Rab1 Ne7 17. Qe5  1/2-1/2

[Event "Niederoesterreichische Landesliga"]
[Site "Verschiedene"]
[Date "2018.11.25"]
[Round "5"]
[Board "1"]
[White "Bernasek, Jan"]
[Black "Mikes, Jan"]
[Result "0-1"]
[WhiteElo "2477"]
[BlackElo "2307"]
[PlyCount "58"]
[EventDate "2018.09.30"]
[EventType "team"]
[EventRounds "11"]
[EventCountry "AUT"]
[WhiteTeam "SK Zwettl"]
[BlackTeam "SGM Mistelbach/Altlichtenwarth"]

1. Nf3 Nf6 2. b3 g6 3. Bb2 Bg7 4. g3 O-O 5. Bg2 d6 6. d4 c6 7. O-O Qc7 8. c4
Nbd7 9. Qc2 h6 10. Nc3 e5 11. Rad1 Re8 12. e4 Nh7 13. Bc1 a5 14. Be3 Nhf8 15.
Qd2 Kh7 16. d5 c5 17. h3 Qd8 18. Na4 Ra6 19. Nh2 Nf6 20. a3 Ng8 21. f4 exf4 22.
gxf4 f5 23. e5 dxe5 24. fxe5 Bxe5 25. Bxc5 Nf6 26. Bd4 Bg3 27. Qc3 Nh5 28. Rf3
f4 29. Rdf1 Qh4 {(sorry, 2x GM-Schrift - c.k.)}  0-1

[Event "Niederoesterreichische Landesliga"]
[Site "Verschiedene"]
[Date "2018.11.25"]
[Round "5"]
[Board "2"]
[White "Gasa, Andrej"]
[Black "Blatny, Pavel"]
[Result "0-1"]
[WhiteElo "2282"]
[BlackElo "2336"]
[PlyCount "134"]
[EventDate "2018.09.30"]
[EventType "team"]
[EventRounds "11"]
[EventCountry "AUT"]
[WhiteTeam "SGM Mistelbach/Altlichtenwarth"]
[BlackTeam "SK Zwettl"]

1. e4 b6 2. d4 Bb7 3. Bd3 e6 4. Nf3 d6 5. c4 Nd7 6. Nc3 g6 7. Bg5 Ne7 8. h4 h6
9. Be3 Bg7 10. Qd2 a6 11. O-O-O c5 12. Bc2 Qc7 13. d5 exd5 14. exd5 b5 15. Bf4
Nb6 16. cxb5 Nc4 17. Qe2 Nxb2 18. Kxb2 Qa5 19. Qe3 axb5 20. Bxd6 O-O 21. Ne5 b4
22. Na4 Nf5 23. Bxf5 Qxa4 24. Bb1 Rfd8 25. Bxc5 Qa3+ 26. Ka1 Qxe3 27. Bxe3
Bxe5+ 28. Bd4 Rxd5 29. Bb2 Rda5 30. Rhe1 Bxb2+ 31. Kxb2 Bxg2 32. Rd4 Rd5 33.
Rxd5 Bxd5 34. Rd1 Bc4 35. Rd4 Rc8 36. f4 Kg7 37. Be4 Rc5 38. Bf3 Kf6 39. Bg4
Rc6 40. Bf3 Rc7 41. Bg4 Rc5 42. Bd1 Rd5 43. Rxc4 Rxd1 44. Rxb4 Rh1 45. a4 Rxh4
46. a5 Rh5 47. Ra4 Rb5+ 48. Kc3 Rb8 49. a6 Ra8 50. a7 Kf5 51. Kd3 Kg4 52. Ke4
h5 53. Ke5 h4 54. Kf6 h3 55. f5+ Kh5 56. Ra3 h2 57. Rh3+ Kg4 58. Rxh2 gxf5 59.
Rg2+ Kf3 60. Ra2 f4 61. Kf5 Kg3 62. Ke4 f3 63. Ra5 f2 64. Rg5+ Kh2 65. Rh5+ Kg2
66. Rg5+ Kf1 67. Kf3 Rxa7  0-1

[Event "Niederoesterreichische Landesliga"]
[Site "Verschiedene"]
[Date "2018.11.25"]
[Round "5"]
[Board "3"]
[White "Vyskocil, Neklan"]
[Black "Vrana, Frantisek"]
[Result "1/2-1/2"]
[WhiteElo "2315"]
[BlackElo "2252"]
[PlyCount "45"]
[EventDate "2018.09.30"]
[EventType "team"]
[EventRounds "11"]
[EventCountry "AUT"]
[WhiteTeam "SK Zwettl"]
[BlackTeam "SGM Mistelbach/Altlichtenwarth"]

1. d4 Nf6 2. Nf3 d6 3. b3 g6 4. Bb2 Bg7 5. g3 b6 6. Bg2 Bb7 7. O-O c5 8. e3 O-O
9. c4 Nbd7 10. Nc3 Ne4 11. Qe2 Nxc3 12. Bxc3 Be4 13. Rfd1 Qc7 14. Rac1 Qb7 15.
Ne1 Bxg2 16. Nxg2 cxd4 17. exd4 e6 18. Nf4 Nf6 19. d5 e5 20. Nd3 Rfe8 21. Nb4
Qd7 22. Kg2 h5 23. Re1  1/2-1/2

[Event "Niederoesterreichische Landesliga"]
[Site "Verschiedene"]
[Date "2018.11.25"]
[Round "5"]
[Board "4"]
[White "Teuber, Andreas"]
[Black "Zwettler, Martin"]
[Result "1/2-1/2"]
[WhiteElo "2169"]
[BlackElo "2218"]
[PlyCount "36"]
[EventDate "2018.09.30"]
[EventType "team"]
[EventRounds "11"]
[EventCountry "AUT"]
[WhiteTeam "SGM Mistelbach/Altlichtenwarth"]
[BlackTeam "SK Zwettl"]

1. d4 e6 2. c4 b6 3. Nc3 Bb4 4. e4 Bb7 5. Bd3 f5 6. Qh5+ g6 7. Qe2 Nf6 8. f3
Nc6 9. Be3 fxe4 10. fxe4 e5 11. Nf3 exd4 12. Nxd4 Qe7 13. Ndb5 O-O-O 14. O-O a6
15. Bg5 Qc5+ 16. Be3 Qe7 17. Bg5 Qc5+ 18. Be3 Qe7  1/2-1/2

[Event "Niederoesterreichische Landesliga"]
[Site "Verschiedene"]
[Date "2018.12.09"]
[Round "6"]
[Board "1"]
[White "Wetscherek, Gerhard"]
[Black "Blatny, Pavel"]
[Result "0-1"]
[WhiteElo "2074"]
[BlackElo "2336"]
[PlyCount "88"]
[EventDate "2018.09.30"]
[EventType "team"]
[EventRounds "11"]
[EventCountry "AUT"]
[WhiteTeam "SGM Bisamberg/Korneuburg"]
[BlackTeam "SK Zwettl"]

1. e4 e5 2. Nf3 Nc6 3. Bc4 h6 4. c3 Qf6 5. d4 d6 6. dxe5 dxe5 7. Nbd2 g5 8. h3
Nge7 9. b4 Ng6 10. g3 g4 11. hxg4 Bxg4 12. Be2 Be7 13. Qa4 h5 14. b5 Nb8 15.
Ba3 Nd7 16. Bxe7 Qxe7 17. Nh4 Nxh4 18. Rxh4 Nc5 19. Qb4 Bxe2 20. Kxe2 Qd6 21.
Nb3 Qd3+ 22. Ke1 Nxb3 23. axb3 O-O-O 24. Qc4 Rh6 25. Qxd3 Rxd3 26. Rc1 c6 27.
Ke2 Rdd6 28. bxc6 Rxc6 29. Kd3 b5 30. Kc2 Rhf6 31. f4 Rg6 32. Rg1 b4 33. c4
exf4 34. Rxf4 Rcf6 35. Rh1 Rxf4 36. gxf4 Rg2+ 37. Kd3 Rg3+ 38. Kd4 Rxb3 39.
Rxh5 Rb1 40. Ra5 Kb8 41. Rb5+ Kc7 42. Rf5 Rd1+ 43. Kc5 b3 44. Rxf7+ Rd7  0-1

[Event "Niederoesterreichische Landesliga"]
[Site "Verschiedene"]
[Date "2018.12.09"]
[Round "6"]
[Board "2"]
[White "Vyskocil, Neklan"]
[Black "Pammer, Andreas"]
[Result "1/2-1/2"]
[WhiteElo "2315"]
[BlackElo "2086"]
[PlyCount "104"]
[EventDate "2018.09.30"]
[EventType "team"]
[EventRounds "11"]
[EventCountry "AUT"]
[WhiteTeam "SK Zwettl"]
[BlackTeam "SGM Bisamberg/Korneuburg"]

1. e4 c5 2. Nf3 d6 3. d4 cxd4 4. Qxd4 a6 5. h3 Nc6 6. Qe3 Nf6 7. Be2 e5 8. c4
Be7 9. O-O O-O 10. Nc3 Qc7 11. b3 Nd8 12. Rd1 Ne6 13. Bf1 Rd8 14. g3 Nc5 15.
Ba3 b6 16. b4 Ne6 17. Rac1 Nf8 18. Nd2 Qb7 19. Bb2 Be6 20. Nd5 Nxd5 21. cxd5
Bd7 22. Nc4 Rab8 23. f4 f6 24. Rd2 Rdc8 25. Rdc2 Ba4 26. Rc3 Nd7 27. Be2 Bb5
28. Nd2 Rxc3 29. Rxc3 Bxe2 30. Qxe2 Rc8 31. Nc4 Qb8 32. Kg2 Bd8 33. Qg4 Nf8 34.
Qf3 Nd7 35. Nd2 b5 36. Rc6 Rxc6 37. dxc6 Nb6 38. fxe5 fxe5 39. Bc1 Qc7 40. Qc3
Bf6 41. Qc2 d5 42. Nb3 d4 43. Na5 Bd8 44. h4 h6 45. Qb3+ Qf7 46. Nb7 Qxb3 47.
axb3 Be7 48. Bd2 Kf7 49. Kf3 h5 50. Be1 g6 51. Bd2 Nc8 52. Ke2 Ke6  1/2-1/2

[Event "Niederoesterreichische Landesliga"]
[Site "Verschiedene"]
[Date "2018.12.09"]
[Round "6"]
[Board "3"]
[White "Ayatollahi, Ehsan"]
[Black "Zwettler, Martin"]
[Result "0-1"]
[WhiteElo "1926"]
[BlackElo "2218"]
[PlyCount "74"]
[EventDate "2018.09.30"]
[EventType "team"]
[EventRounds "11"]
[EventCountry "AUT"]
[WhiteTeam "SGM Bisamberg/Korneuburg"]
[BlackTeam "SK Zwettl"]

1. d4 e6 2. c4 b6 3. Nf3 Bb7 4. Nc3 Bb4 5. Bd2 f5 6. a3 Bxc3 7. Bxc3 Nf6 8. e3
O-O 9. Bd3 d6 10. O-O Nbd7 11. Nd2 Qe8 12. f3 Qh5 13. e4 f4 14. b4 e5 15. d5
Kh8 16. Rf2 Qe8 17. Nb3 Qe7 18. Bf1 g5 19. g4 fxg3 20. hxg3 g4 21. Rh2 gxf3 22.
Qd3 Qg7 23. Be1 Ng4 24. Rc2 Qh6 25. Raa2 Rf6 26. Rh2 Nxh2 27. Rxh2 Qg7 28. Bh3
Nf8 29. Nd2 Bc8 30. Bf5 Bxf5 31. exf5 Qg5 32. Ne4 Qxf5 33. Bd2 Rg6 34. Kf2 Nd7
35. Qxf3 Rf8 36. Qxf5 Rxf5+ 37. Kg2 Nf6  0-1